| 000 | 01129nam a22002657a 4500 | ||
|---|---|---|---|
| 005 | 20170124103105.0 | ||
| 010 | _aA-956892 | ||
| 020 |
_c150.00 _a8171500072 |
||
| 035 | _aA-956892 | ||
| 037 | _bCen Lib/Ret | ||
| 040 |
_aDPL _bHN |
||
| 082 |
_aउ _bतुर्गने |
||
| 100 |
_aतुर्गेनेव, इवान _977999 |
||
| 245 |
_aऊँचा घराना / _cइवान तुग्नेव ; अनुवादक गुरचरण सिंह |
||
| 246 |
_aUncha gharana / _bby Evan Turgnev ; anuvadak Gurcharan Singh |
||
| 260 |
_aदिल्ली _bइन्द्रप्रस्थ प्रकाशन _c1998 |
||
| 270 |
_bदिल्ली _aके-71, कृष्णनगर _e110051 |
||
| 300 |
_a174पृ. _c20सेमी(सजिल्द ) |
||
| 650 |
_a साहित्य--उपन्यास _x _978000 |
||
| 650 |
_aहिंदी--उपन्यास _978001 |
||
| 650 |
_aLiterature--Fiction _978002 |
||
| 650 |
_aHindi--novel _978003 |
||
| 700 |
_aगुरचरण सिंह _978004 |
||
| 942 |
_2ddc _cHN _hउ _mतुर्गने |
||
| 999 |
_c118024 _d118024 |
||